[Event "European Women's Chess Club Cup 2023"]
[Site "Durres, Albania"]
[Date "2023.10.02"]
[Round "2.8"]
[White "Gajcin, Marina"]
[Black "Paehtz, Elisabeth"]
[Result "0-1"]
[TimeControl "90' + 30' & 30\""]
[WhiteElo "2225"]
[BlackElo "2484"]

1. e4 {[%clk 01:30:57]} {[%emt 00:00:01]} e5 {[%clk 01:30:58]} {[%emt
00:00:02]} 2. Nf3 {[%clk 01:31:22]} {[%emt 00:00:06]} Nc6 {[%clk 01:31:24]}
{[%emt 00:00:03]} 3. Bc4 {[%clk 01:31:11]} {[%emt 00:00:42]} Nf6 {[%clk
01:31:50]} {[%emt 00:00:04]} 4. d3 {[%clk 01:31:37]} {[%emt 00:00:04]} h6
{[%clk 01:32:17]} {[%emt 00:00:04]} 5. c3 {[%clk 01:28:47]} {[%emt 00:03:18]}
d6 {[%clk 01:32:22]} {[%emt 00:00:25]} 6. a4 {[%clk 01:24:25]} {[%emt
00:04:53]} g6 {[%clk 01:30:57]} {[%emt 00:01:56]} 7. a5 {[%emt 00:14:34]} Bg7
{[%emt 00:03:52]} 8. a6 {[%clk 01:13:00]} {[%emt 00:01:25]} b6 {[%clk
01:24:27]} {[%emt 00:00:04]} 9. Bb5 {[%clk 01:06:13]} {[%emt 00:07:17]} Bd7
{[%clk 01:24:53]} {[%emt 00:00:03]} 10. O-O {[%clk 01:02:44]} {[%emt 00:03:58]}
O-O {[%clk 01:23:59]} {[%emt 00:01:25]} 11. Nbd2 {[%clk 00:54:54]} Re8 {[%clk
01:23:59]} 12. Re1 {[%clk 00:54:54]} Qc8 {[%clk 01:23:59]} 13. b4 {[%clk
00:54:54]} Nd8 {[%clk 01:23:59]} 14. Bxd7 {[%clk 00:54:54]} Qxd7 {[%clk
01:23:59]} 15. Nc4 {[%clk 00:54:54]} b5 {[%clk 01:23:59]} 16. Na5 {[%clk
00:54:54]} Nc6 {[%clk 01:23:59]} 17. Nb3 {[%clk 00:54:54]} Rad8 {[%clk
01:23:59]} 18. Bd2 {[%clk 00:54:54]} Qe6 {[%clk 01:23:59]} 19. Qc2 {[%clk
00:54:54]} Nd7 {[%clk 01:23:59]} 20. Na5 {[%clk 00:54:54]} Nxa5 {[%clk
01:23:59]} 21. Rxa5 {[%clk 00:54:54]} c6 {[%clk 01:23:59]} 22. Be3 {[%clk
00:54:54]} Ra8 {[%clk 01:23:59]} 23. c4 {[%clk 00:54:54]} bxc4 {[%clk
01:23:59]} 24. dxc4 {[%clk 00:54:54]} Reb8 {[%clk 01:23:59]} 25. Rb1 {[%clk
00:09:39]} {[%emt 02:11:16]} f5 {[%clk 00:18:46]} 26. Ne1 {[%clk 00:06:13]}
{[%emt 00:05:57]} fxe4 {[%clk 00:17:48]} 27. Qxe4 {[%clk 00:05:56]} {[%emt
00:08:46]} Qf5 {[%clk 00:11:43]} 28. Qd3 {[%clk 00:04:41]} {[%emt 00:01:51]}
Qxd3 {[%clk 00:10:22]} 29. Nxd3 {[%clk 00:05:09]} {[%emt 00:01:52]} e4 {[%clk
00:10:04]} 30. Nf4 {[%clk 00:05:08]} {[%emt 00:01:19]} Ne5 {[%clk 00:07:06]} 31.
Ra2 {[%clk 00:02:39]} {[%emt 00:06:27]} Nxc4 {[%clk 00:07:07]} 32. Nxg6 {[%clk
00:02:39]} Kf7 {[%clk 00:07:07]} 33. Nh4 {[%clk 00:02:39]} Ke6 {[%clk
00:07:07]} 34. Re2 {[%clk 00:02:39]} Bf6 {[%clk 00:07:07]} 35. Ng6 {[%clk
00:02:39]} Kf7 {[%clk 00:07:07]} 36. Nf4 {[%clk 00:02:39]} Rb5 {[%clk
00:07:07]} 37. Bc1 {[%clk 00:02:39]} Re8 {[%clk 00:07:07]} 38. Rc2 {[%clk
00:02:39]} d5 {[%clk 00:07:07]} 39. Ne2 {[%clk 00:02:39]} Rb6 {[%clk 00:07:07]}
40. Ra2 {[%clk 00:02:39]} h5 {[%clk 00:07:07]} 41. Be3 {[%clk 00:02:39]} Nxe3
{[%clk 00:07:07]} 42. fxe3 {[%clk 00:26:57]} {[%emt 00:22:11]} Bg5 {[%clk
00:28:33]} 43. Nf4 {[%clk 00:13:21]} {[%emt 00:17:40]} Ke7 {[%clk 00:25:23]} 44.
g3 {[%clk 00:10:10]} {[%emt 00:07:21]} Rf8 {[%clk 00:24:19]} {[%emt 00:01:33]}
45. Rc1 {[%clk 00:02:16]} {[%emt 00:08:25]} Kd6 {[%clk 00:24:00]} 46. Kf2
{[%clk 00:02:16]} h4 {[%clk 00:24:00]} 47. gxh4 {[%clk 00:02:16]} Bxh4+ {[%clk
00:24:00]} 48. Ke2 {[%clk 00:02:16]} Rxb4 {[%clk 00:24:00]} 49. Rcc2 {[%clk
00:00:35]} {[%emt 00:07:46]} Bg5 {[%clk 00:21:49]} 50. Nh3 {[%clk 00:00:35]}
Rh8 {[%clk 00:21:49]} 51. Nf2 {[%clk 00:00:35]} Rxh2 {[%clk 00:21:49]} 52. Ra1
{[%clk 00:00:33]} {[%emt 00:05:49]} Rb3 {[%clk 00:18:56]} 53. Kf1 {[%clk
00:00:43]} {[%emt 00:01:21]} Kd7 {[%clk 00:18:15]} 54. Re2 {[%clk 00:00:33]}
{[%emt 00:01:51]} Bxe3 {[%clk 00:17:15]} 0-1

[Event "European Women's Chess Club Cup 2023"]
[Site "Durres, Albania"]
[Date "2023.10.02"]
[Round "2.9"]
[White "Houska, Jovanka"]
[Black "Batsiashvili, Nino"]
[Result "0-1"]
[TimeControl "90' + 30' & 30\""]
[WhiteElo "2340"]
[BlackElo "2475"]

1. d4 {[%clk 01:30:57]} {[%emt 00:00:03]} Nf6 {[%clk 01:30:56]} {[%emt
00:00:04]} 2. Nf3 {[%clk 01:31:16]} {[%emt 00:00:11]} c5 {[%clk 01:31:22]}
{[%emt 00:00:04]} 3. d5 {[%clk 01:30:36]} {[%emt 00:01:10]} b5 {[%clk
01:31:46]} {[%emt 00:00:07]} 4. c4 {[%clk 01:29:37]} {[%emt 00:01:29]} bxc4
{[%clk 01:30:47]} {[%emt 00:01:29]} 5. Nc3 {[%clk 01:29:11]} {[%emt 00:00:55]}
d6 {[%clk 01:30:35]} {[%emt 00:00:42]} 6. e4 {[%clk 01:27:48]} {[%emt
00:01:53]} g6 {[%clk 01:30:34]} {[%emt 00:00:31]} 7. Bxc4 {[%clk 01:26:05]}
{[%emt 00:02:13]} Bg7 {[%clk 01:30:28]} {[%emt 00:00:36]} 8. O-O {[%clk
01:24:41]} {[%emt 00:01:54]} Nbd7 {[%clk 01:30:19]} {[%emt 00:00:39]} 9. h3
{[%clk 01:20:46]} {[%emt 00:04:25]} O-O {[%clk 01:30:41]} {[%emt 00:00:08]} 10.
Bf4 {[%clk 01:19:29]} {[%emt 00:01:47]} Nb6 {[%clk 01:31:02]} {[%emt 00:00:09]}
11. Be2 {[%clk 01:17:37]} {[%emt 00:02:22]} Bb7 {[%clk 01:29:46]} {[%emt
00:01:46]} 12. a4 {[%clk 01:09:58]} {[%emt 00:08:10]} a5 {[%clk 01:29:45]}
{[%emt 00:00:31]} 13. Qd2 {[%clk 01:06:13]} {[%emt 00:04:14]} Ba6 {[%clk
01:16:19]} 14. Bxa6 {[%clk 01:06:13]} Rxa6 {[%clk 01:16:19]} 15. Qe2 {[%clk
01:06:13]} Ra8 {[%clk 01:16:19]} 16. Rfd1 {[%clk 01:06:13]} Ne8 {[%clk
01:16:19]} 17. e5 {[%clk 01:06:13]} Nc7 {[%clk 01:16:19]} 18. Rac1 {[%clk
01:06:13]} Rb8 {[%clk 01:16:19]} 19. b3 {[%clk 01:06:13]} Nc8 {[%clk 01:16:19]}
20. Nd2 {[%clk 01:06:13]} Qd7 {[%clk 01:16:19]} 21. exd6 {[%clk 00:30:23]}
{[%emt 01:22:31]} exd6 {[%clk 00:51:20]} 22. Qf3 {[%clk 00:30:48]} {[%emt
00:00:18]} Re8 {[%clk 00:45:31]} 23. Bg3 {[%clk 00:27:52]} {[%emt 00:09:46]} f5
{[%clk 00:38:49]} 24. Nc4 {[%clk 00:17:47]} {[%emt 00:17:47]} Rxb3 {[%clk
00:37:28]} 25. Nxa5 {[%clk 00:17:47]} Rxc3 {[%clk 00:37:28]} 26. Rxc3 {[%clk
00:18:38]} {[%emt 00:08:39]} Bxc3 {[%clk 00:31:46]} 27. Qxc3 {[%clk 00:18:57]}
{[%emt 00:00:15]} Qxa4 {[%clk 00:32:15]} 28. Qd2 {[%clk 00:14:11]} {[%emt
00:05:17]} Nb5 {[%clk 00:21:13]} 29. Re1 {[%clk 00:11:49]} {[%emt 00:14:23]}
Rxe1+ {[%clk 00:20:08]} 30. Qxe1 {[%clk 00:12:16]} {[%emt 00:01:38]} Qe4 {[%clk
00:20:31]} 31. Qxe4 {[%clk 00:11:32]} {[%emt 00:01:21]} fxe4 {[%clk 00:21:00]}
32. Nc4 {[%clk 00:11:56]} {[%emt 00:00:08]} Kf7 {[%clk 00:20:55]} 33. Kf1
{[%clk 00:11:24]} {[%emt 00:01:36]} Ke7 {[%clk 00:21:08]} 34. Bh4+ {[%clk
00:05:38]} {[%emt 00:06:33]} Kd7 {[%clk 00:20:24]} 35. Nd2 {[%clk 00:03:00]}
{[%emt 00:04:22]} Nb6 {[%clk 00:17:11]} 36. Nxe4 {[%clk 00:02:54]} {[%emt
00:04:19]} Nxd5 {[%clk 00:17:40]} 37. Bg3 {[%clk 00:02:09]} {[%emt 00:01:16]}
Kc6 {[%clk 00:17:31]} 38. h4 {[%clk 00:01:48]} {[%emt 00:01:30]} h5 {[%clk
00:16:58]} 39. f3 {[%clk 00:00:52]} {[%emt 00:02:29]} Ne3+ {[%clk 00:17:03]} 40.
Ke2 {[%clk 00:00:35]} {[%emt 00:01:13]} Nf5 {[%clk 00:10:13]} 41. Bf2 {[%clk
00:00:35]} c4 {[%clk 00:10:13]} 42. g4 {[%clk 00:00:35]} Ng7 {[%clk 00:10:13]}
43. Bg3 {[%clk 00:19:22]} {[%emt 00:25:32]} d5 {[%clk 00:32:32]} 44. Be5 {[%clk
00:10:46]} {[%emt 00:12:47]} Ne6 {[%clk 00:30:36]} 45. Nf6 {[%clk 00:08:40]}
{[%emt 00:05:01]} d4 {[%clk 00:28:38]} 46. gxh5 {[%clk 00:08:40]} gxh5 {[%clk
00:28:38]} 47. Nxh5 {[%clk 00:08:40]} Kd5 {[%clk 00:28:38]} 48. f4 {[%clk
00:08:40]} c3 {[%clk 00:28:38]} 49. Ng3 {[%clk 00:03:25]} {[%emt 00:11:00]} Nc5
{[%clk 00:25:26]} 50. h5 {[%clk 00:03:25]} d3+ {[%clk 00:25:26]} 51. Ke1 {[%clk
00:03:25]} Nd4 {[%clk 00:25:26]} 52. Bxd4 {[%clk 00:03:25]} Kxd4 {[%clk
00:25:26]} 0-1

[Event "European Women's Chess Club Cup 2023"]
[Site "Durres, Albania"]
[Date "2023.10.02"]
[Round "2.10"]
[White "Wagner, Dinara"]
[Black "Yao, Lan"]
[Result "1/2-1/2"]
[TimeControl "90' + 30' & 30\""]
[WhiteElo "2461"]
[BlackElo "2311"]

1. d4 {[%clk 01:30:58]} Nf6 {[%clk 01:30:52]} {[%emt 00:00:09]} 2. c4 {[%clk
01:31:20]} {[%emt 00:00:08]} e6 {[%clk 01:31:19]} {[%emt 00:00:04]} 3. Nf3
{[%clk 01:31:46]} {[%emt 00:00:04]} d5 {[%clk 01:31:39]} {[%emt 00:00:09]} 4.
g3 {[%clk 01:32:12]} {[%emt 00:00:04]} dxc4 {[%clk 01:31:51]} {[%emt 00:00:19]}
5. Bg2 {[%clk 01:32:34]} {[%emt 00:00:07]} c6 {[%clk 01:31:21]} {[%emt
00:01:00]} 6. O-O {[%clk 01:23:04]} {[%emt 00:10:00]} b5 {[%clk 01:31:27]}
{[%emt 00:00:24]} 7. a4 {[%clk 01:20:58]} {[%emt 00:02:36]} Bb7 {[%clk
01:31:13]} {[%emt 00:00:44]} 8. Ne5 {[%clk 01:21:09]} {[%emt 00:00:19]} a6
{[%clk 01:29:55]} {[%emt 00:01:48]} 9. b3 {[%clk 01:20:03]} {[%emt 00:01:37]}
cxb3 {[%clk 01:26:44]} {[%emt 00:03:40]} 10. Qxb3 {[%clk 01:20:26]} {[%emt
00:00:06]} Qxd4 {[%clk 01:17:14]} {[%emt 00:10:01]} 11. Bb2 {[%clk 01:19:53]}
{[%emt 00:01:03]} Qb4 {[%clk 01:17:12]} {[%emt 00:00:31]} 12. Qc2 {[%clk
01:20:16]} {[%emt 00:00:08]} Qc5 {[%clk 01:16:37]} {[%emt 00:01:05]} 13. Qd3
{[%clk 01:20:24]} {[%emt 00:00:21]} Qd6 {[%clk 01:11:27]} {[%emt 00:05:39]} 14.
Qe3 {[%clk 01:15:14]} {[%emt 00:05:42]} Nbd7 {[%clk 00:59:42]} 15. axb5 {[%clk
00:54:35]} {[%emt 00:33:25]} axb5 {[%clk 00:57:40]} 16. Rxa8+ {[%clk 00:51:10]}
{[%emt 00:06:26]} Bxa8 {[%clk 00:58:08]} 17. Qa7 {[%clk 00:49:06]} {[%emt
00:02:36]} Qb8 {[%clk 00:54:51]} {[%emt 00:03:47]} 18. Qxb8+ {[%clk 00:36:05]}
{[%emt 00:13:31]} Nxb8 {[%clk 00:55:19]} {[%emt 00:00:02]} 19. Nc3 {[%clk
00:35:08]} {[%emt 00:01:27]} Bd6 {[%clk 00:48:21]} {[%emt 00:07:28]} 20. Nxb5
{[%clk 00:35:13]} {[%emt 00:00:25]} cxb5 {[%clk 00:48:23]} {[%emt 00:00:28]} 21.
Bxa8 {[%clk 00:35:39]} {[%emt 00:00:04]} O-O {[%clk 00:43:30]} {[%emt
00:05:22]} 22. Bf3 {[%clk 00:36:01]} {[%emt 00:00:08]} Rc8 {[%clk 00:38:41]}
{[%emt 00:05:18]} 23. Ra1 {[%clk 00:27:14]} {[%emt 00:09:19]} Nfd7 {[%clk
00:28:33]} {[%emt 00:10:38]} 24. Nxd7 {[%clk 00:25:01]} {[%emt 00:02:43]} Nxd7
{[%clk 00:28:57]} {[%emt 00:00:05]} 25. Rd1 {[%clk 00:25:28]} {[%emt 00:00:03]}
Be5 {[%clk 00:29:12]} {[%emt 00:00:15]} 26. Rxd7 {[%clk 00:22:45]} {[%emt
00:03:15]} Bxb2 {[%clk 00:29:36]} {[%emt 00:00:05]} 27. Rb7 {[%clk 00:23:11]}
{[%emt 00:00:03]} g6 {[%clk 00:29:16]} {[%emt 00:00:50]} 28. Rxb5 {[%clk
00:23:38]} {[%emt 00:00:04]} Bd4 {[%clk 00:29:03]} {[%emt 00:00:42]} 29. Kg2
{[%clk 00:22:47]} {[%emt 00:01:21]} Kg7 {[%clk 00:29:09]} {[%emt 00:00:25]} 30.
h4 {[%clk 00:23:14]} {[%emt 00:00:03]} h5 {[%clk 00:29:17]} {[%emt 00:00:21]}
31. Rb7 {[%clk 00:23:41]} {[%emt 00:00:04]} 1/2-1/2

[Event "European Women's Chess Club Cup 2023"]
[Site "Durres, Albania"]
[Date "2023.10.02"]
[Round "2.11"]
[White "Hunt, Harriet V"]
[Black "Efroimski, Marsel"]
[Result "1-0"]
[TimeControl "90' + 30' & 30\""]
[WhiteElo "2316"]
[BlackElo "2447"]

1. e4 {[%clk 01:30:56]} {[%emt 00:00:02]} e6 {[%clk 01:30:49]} {[%emt
00:00:12]} 2. Qe2 {[%clk 01:31:09]} {[%emt 00:00:17]} c5 {[%clk 01:31:15]}
{[%emt 00:00:05]} 3. Nf3 {[%clk 01:31:27]} {[%emt 00:00:12]} Nc6 {[%clk
01:31:41]} {[%emt 00:00:04]} 4. g3 {[%clk 01:31:32]} {[%emt 00:00:25]} Nge7
{[%clk 01:31:23]} {[%emt 00:00:48]} 5. Bg2 {[%clk 01:29:30]} {[%emt 00:02:32]}
d6 {[%clk 01:31:47]} {[%emt 00:00:05]} 6. O-O {[%clk 01:28:12]} {[%emt
00:01:47]} g6 {[%clk 01:32:13]} {[%emt 00:00:06]} 7. c3 {[%clk 01:27:40]}
{[%emt 00:01:02]} Bg7 {[%clk 01:32:37]} {[%emt 00:00:05]} 8. Na3 {[%clk
01:25:32]} {[%emt 00:02:38]} b6 {[%clk 01:26:02]} {[%emt 00:07:05]} 9. Rd1
{[%clk 01:20:00]} {[%emt 00:06:02]} d5 {[%clk 01:05:55]} {[%emt 00:20:37]} 10.
e5 {[%clk 01:18:52]} {[%emt 00:01:38]} c4 {[%clk 00:56:20]} 11. b3 {[%clk
01:18:52]} Ba6 {[%clk 00:56:20]} 12. bxc4 {[%clk 01:18:52]} dxc4 {[%clk
00:56:20]} 13. Nxc4 {[%clk 01:18:52]} O-O {[%clk 00:56:20]} 14. d3 {[%clk
01:18:52]} b5 {[%clk 00:56:20]} 15. Ne3 {[%clk 01:18:52]} Qa5 {[%clk 00:56:20]}
16. Bb2 {[%clk 00:56:16]} {[%emt 00:47:28]} Rad8 {[%clk 00:43:53]} 17. d4
{[%clk 00:56:16]} Nd5 {[%clk 00:43:53]} 18. Nxd5 {[%clk 00:42:27]} {[%emt
00:21:21]} exd5 {[%clk 00:41:56]} 19. Nd2 {[%clk 00:37:26]} {[%emt 00:05:36]}
Rfe8 {[%clk 00:39:52]} 20. Qf3 {[%clk 00:35:13]} {[%emt 00:05:16]} Qb6 {[%clk
00:33:29]} 21. Nf1 {[%clk 00:33:31]} {[%emt 00:09:06]} Bc8 {[%clk 00:33:52]} 22.
Ne3 {[%clk 00:33:03]} {[%emt 00:01:04]} Be6 {[%clk 00:34:13]} 23. h4 {[%clk
00:25:13]} {[%emt 00:08:30]} h5 {[%clk 00:33:03]} 24. Qe2 {[%clk 00:23:53]}
{[%emt 00:03:30]} Ne7 {[%clk 00:30:50]} 25. Ba3 {[%clk 00:23:03]} {[%emt
00:09:29]} Nf5 {[%clk 00:24:55]} 26. Nxf5 {[%clk 00:20:58]} {[%emt 00:03:34]}
Bxf5 {[%clk 00:23:56]} 27. Qb2 {[%clk 00:20:58]} {[%emt 00:01:59]} Bf8 {[%clk
00:17:28]} 28. Bxf8 {[%clk 00:20:34]} {[%emt 00:07:52]} Rxf8 {[%clk 00:17:30]}
29. Qb3 {[%clk 00:18:51]} {[%emt 00:02:41]} Qc6 {[%clk 00:12:24]} 30. a4 {[%clk
00:18:02]} {[%emt 00:06:56]} bxa4 {[%clk 00:11:40]} 31. Rxa4 {[%clk 00:18:21]}
{[%emt 00:01:24]} Rb8 {[%clk 00:09:57]} 32. Rb4 {[%clk 00:16:01]} {[%emt
00:05:03]} Rxb4 {[%clk 00:10:04]} 33. Qxb4 {[%clk 00:16:11]} {[%emt 00:00:43]}
Rc8 {[%clk 00:07:00]} 34. Ra1 {[%clk 00:15:03]} {[%emt 00:05:12]} Be6 {[%clk
00:04:15]} 35. Ra3 {[%clk 00:05:47]} {[%emt 00:13:02]} Rc7 {[%clk 00:04:37]} 36.
Qb8+ {[%clk 00:05:39]} {[%emt 00:00:46]} Kg7 {[%clk 00:03:05]} 37. Kh2 {[%clk
00:05:17]} {[%emt 00:02:52]} Rb7 {[%clk 00:01:40]} 38. Qd8 {[%clk 00:04:40]}
{[%emt 00:03:03]} Qc4 {[%clk 00:01:46]} 39. Qf6+ {[%clk 00:04:43]} {[%emt
00:00:51]} Kg8 {[%clk 00:01:41]} 40. Qf3 {[%clk 00:04:16]} {[%emt 00:01:32]}
Qc7 {[%clk 00:01:10]} 41. Bh3 {[%clk 00:00:59]} {[%emt 00:04:48]} Bxh3 {[%clk
00:28:42]} 42. Kxh3 {[%clk 00:31:24]} {[%emt 00:04:22]} Rb5 {[%clk 00:21:49]}
43. Kg2 {[%clk 00:29:15]} {[%emt 00:08:43]} a5 {[%clk 00:12:13]} 44. Qd3 {[%clk
00:29:15]} Qb7 {[%clk 00:12:13]} 45. e6 {[%clk 00:29:15]} f5 {[%clk 00:12:13]}
46. Ra1 {[%clk 00:29:15]} Rb6 {[%clk 00:12:13]} 47. Qe3 {[%clk 00:29:15]} Qe7
{[%clk 00:12:13]} 48. Rxa5 {[%clk 00:29:15]} Rxe6 {[%clk 00:12:13]} 49. Qf3
{[%clk 00:25:52]} {[%emt 00:22:51]} Re4 {[%clk 00:08:29]} 50. Rxd5 {[%clk
00:25:52]} Qb7 {[%clk 00:08:29]} 51. Re5 {[%clk 00:25:52]} Qb1 {[%clk
00:08:29]} 52. Rxe4 {[%clk 00:25:52]} fxe4 {[%clk 00:08:29]} 53. Qf6 {[%clk
00:26:14]} {[%emt 00:03:23]} Kh7 {[%clk 00:08:54]} 54. c4 {[%clk 00:26:14]} Qd3
{[%emt 00:03:52]} 55. c5 {[%clk 00:24:40]} Qc2 {[%clk 00:08:43]} {[%emt
00:00:04]} 56. Qf7+ {[%clk 00:24:38]} {[%emt 00:00:32]} Kh6 {[%clk 00:09:06]}
{[%emt 00:00:08]} 57. Qf4+ {[%clk 00:24:49]} {[%emt 00:00:19]} Kh7 {[%clk
00:09:23]} {[%emt 00:00:13]} 58. Qe3 {[%clk 00:25:06]} {[%emt 00:00:13]} Kg7
{[%clk 00:09:32]} {[%emt 00:00:21]} 59. d5 {[%clk 00:25:08]} {[%emt 00:00:28]}
Qc4 {[%clk 00:09:53]} {[%emt 00:00:09]} 60. d6 {[%clk 00:25:05]} {[%emt
00:00:33]} Qd5 {[%clk 00:10:18]} {[%emt 00:00:05]} 61. Kh2 {[%clk 00:24:50]}
{[%emt 00:00:45]} Kf7 {[%clk 00:10:27]} {[%emt 00:00:20]} 62. Qg5 {[%clk
00:23:42]} {[%emt 00:01:38]} Qe6 {[%clk 00:10:12]} {[%emt 00:00:46]} 63. Qf4+
{[%clk 00:23:56]} {[%emt 00:00:16]} Ke8 {[%clk 00:10:38]} {[%emt 00:00:04]} 64.
c6 {[%clk 00:23:55]} {[%emt 00:00:31]} Kd8 {[%clk 00:10:49]} {[%emt 00:00:18]}
65. Qf8+ {[%clk 00:24:13]} {[%emt 00:00:13]} Qe8 {[%clk 00:11:13]} {[%emt
00:00:06]} 66. c7+ {[%clk 00:24:37]} {[%emt 00:00:06]} 1-0

[Event "European Women's Chess Club Cup 2023"]
[Site "Durres, Albania"]
[Date "2023.10.02"]
[Round "2.12"]
[White "Roebers, Eline"]
[Black "Toma, Katarzyna"]
[Result "1-0"]
[TimeControl "90' + 30' & 30\""]
[WhiteElo "2390"]
[BlackElo "2224"]

1. e4 {[%clk 01:30:58]} {[%emt 00:00:02]} c5 {[%clk 01:30:54]} {[%emt
00:00:06]} 2. Nf3 {[%clk 01:31:25]} {[%emt 00:00:03]} d6 {[%clk 01:31:18]}
{[%emt 00:00:05]} 3. d4 {[%clk 01:31:52]} {[%emt 00:00:03]} cxd4 {[%clk
01:31:41]} {[%emt 00:00:07]} 4. Nxd4 {[%clk 01:32:19]} {[%emt 00:00:03]} Nf6
{[%clk 01:32:03]} {[%emt 00:00:08]} 5. Nc3 {[%clk 01:32:47]} {[%emt 00:00:03]}
a6 {[%clk 01:32:22]} {[%emt 00:00:11]} 6. Rg1 {[%clk 01:32:25]} {[%emt
00:00:52]} e5 {[%clk 01:30:39]} {[%emt 00:02:13]} 7. Nb3 {[%clk 01:32:50]}
{[%emt 00:00:05]} Be6 {[%clk 01:30:54]} {[%emt 00:00:15]} 8. g4 {[%clk
01:31:45]} {[%emt 00:01:35]} d5 {[%clk 01:30:28]} {[%emt 00:00:56]} 9. exd5
{[%clk 01:32:02]} {[%emt 00:00:13]} Nxd5 {[%clk 01:30:52]} {[%emt 00:00:06]} 10.
Nxd5 {[%clk 01:32:15]} {[%emt 00:00:17]} Qxd5 {[%clk 01:31:16]} {[%emt
00:00:06]} 11. Be3 {[%clk 01:32:38]} {[%emt 00:00:07]} Nc6 {[%clk 01:31:20]}
{[%emt 00:00:25]} 12. Qxd5 {[%clk 01:32:42]} {[%emt 00:00:27]} Bxd5 {[%clk
01:31:44]} {[%emt 00:00:05]} 13. O-O-O {[%clk 01:33:07]} {[%emt 00:00:05]}
O-O-O {[%clk 01:31:50]} {[%emt 00:00:24]} 14. g5 {[%clk 01:33:18]} {[%emt
00:00:20]} Kc7 {[%clk 01:30:58]} {[%emt 00:01:21]} 15. a4 {[%clk 01:29:01]}
{[%emt 00:04:47]} Bb4 {[%clk 01:17:03]} {[%emt 00:14:25]} 16. Nd2 Nd4 {[%clk
01:05:05]} {[%emt 00:31:13]} 17. Rg4 {[%clk 01:01:37]} Be6 {[%clk 00:59:24]}
{[%emt 00:15:51]} 18. Rh4 {[%clk 00:54:44]} Be7 {[%clk 00:43:20]} {[%emt
00:23:56]} 19. Re4 {[%clk 00:40:54]} Nf5 {[%clk 00:32:29]} {[%emt 00:25:42]} 20.
h4 {[%clk 00:34:38]} Nxe3 {[%clk 00:32:39]} {[%emt 00:07:06]} 21. Rxe3 {[%clk
00:34:35]} Bc5 {[%clk 00:30:30]} {[%emt 00:03:11]} 22. Rc3 {[%clk 00:34:30]} b6
{[%clk 00:23:02]} {[%emt 00:08:33]} 23. b4 {[%clk 00:34:54]} Rd4 {[%clk
00:23:02]} 24. bxc5 {[%clk 00:34:54]} Rxa4 {[%clk 00:23:03]} {[%emt 00:01:12]}
25. cxb6+ {[%clk 00:35:40]} Kb7 {[%clk 00:22:19]} {[%emt 00:01:21]} 26. Bg2+
{[%clk 00:33:55]} Kxb6 {[%clk 00:21:13]} {[%emt 00:03:52]} 27. Nb3 {[%clk
00:34:08]} {[%emt 00:00:16]} 1-0

[Event "European Women's Chess Club Cup 2023"]
[Site "Durres, Albania"]
[Date "2023.10.02"]
[Round "2.13"]
[White "Khotenashvili, Bella"]
[Black "Guichard, Pauline"]
[Result "1-0"]
[TimeControl "90' + 30' & 30\""]
[WhiteElo "2483"]
[BlackElo "2358"]

1. Nf3 {[%clk 01:30:54]} {[%emt 00:00:05]} Nf6 {[%clk 01:30:51]} {[%emt
00:00:09]} 2. g3 {[%clk 01:31:18]} {[%emt 00:00:06]} d5 {[%clk 01:31:05]}
{[%emt 00:00:17]} 3. Bg2 {[%clk 01:31:43]} {[%emt 00:00:06]} e6 {[%clk
01:31:20]} {[%emt 00:00:14]} 4. d3 {[%clk 01:31:44]} {[%emt 00:00:30]} c5
{[%clk 01:28:53]} {[%emt 00:02:56]} 5. Nbd2 {[%clk 01:31:40]} {[%emt 00:00:35]}
Nc6 {[%clk 01:28:13]} {[%emt 00:01:10]} 6. O-O {[%clk 01:31:36]} {[%emt
00:00:34]} Be7 {[%clk 01:27:54]} {[%emt 00:00:48]} 7. e4 {[%clk 01:31:55]}
{[%emt 00:00:11]} O-O {[%clk 01:27:00]} {[%emt 00:01:23]} 8. Re1 {[%clk
01:32:10]} {[%emt 00:00:16]} Qc7 {[%clk 01:20:46]} {[%emt 00:06:44]} 9. e5
{[%clk 01:26:30]} {[%emt 00:06:10]} Nd7 {[%clk 01:20:56]} {[%emt 00:00:21]} 10.
Qe2 {[%clk 01:26:40]} {[%emt 00:00:19]} b5 {[%clk 01:20:15]} {[%emt 00:01:11]}
11. c3 {[%clk 01:25:14]} {[%emt 00:01:56]} Bb7 {[%clk 01:19:09]} {[%emt
00:01:36]} 12. Nf1 {[%clk 01:25:23]} {[%emt 00:00:21]} Rfc8 {[%clk 01:16:29]}
{[%emt 00:03:10]} 13. Bf4 {[%clk 01:23:47]} {[%emt 00:02:06]} a5 {[%clk
01:15:55]} {[%emt 00:01:05]} 14. Ne3 {[%clk 01:21:56]} {[%emt 00:02:20]} Qd8
{[%clk 01:16:00]} {[%emt 00:00:26]} 15. h4 {[%clk 01:19:04]} {[%emt 00:03:21]}
a4 16. h5 {[%clk 01:19:04]} h6 {[%clk 01:03:29]} 17. Ng4 {[%clk 01:19:04]} Bf8
{[%clk 01:03:29]} 18. Rad1 {[%clk 01:19:04]} c4 {[%clk 01:03:29]} 19. a3 {[%clk
01:19:04]} Ne7 {[%clk 01:03:29]} 20. d4 {[%clk 01:19:04]} b4 {[%clk 01:03:29]}
21. axb4 {[%clk 01:19:04]} a3 {[%clk 01:03:29]} 22. bxa3 {[%clk 01:19:04]} Rxa3
{[%clk 01:03:29]} 23. Qb2 {[%clk 01:19:04]} Rca8 {[%clk 01:03:29]} 24. Ra1
{[%clk 01:19:04]} R3a4 {[%clk 01:03:29]} 25. Nd2 {[%clk 01:19:04]} Bc6 {[%clk
01:03:29]} 26. Bf3 {[%clk 01:19:04]} R8a7 {[%clk 01:03:29]} 27. Rxa4 {[%clk
01:19:04]} Bxa4 {[%clk 01:03:29]} 28. Ra1 {[%clk 01:19:04]} Nb6 {[%clk
01:03:29]} 29. Ra2 {[%clk 01:19:04]} Nf5 {[%clk 01:03:29]} 30. Qa1 {[%clk
01:19:04]} Ra8 {[%clk 01:03:29]} 31. Nf1 {[%clk 01:19:04]} Be7 {[%clk
01:03:29]} 32. Nge3 {[%clk 01:19:04]} Nxe3 {[%clk 01:03:29]} 33. Nxe3 {[%clk
01:19:04]} Bg5 {[%clk 01:03:29]} 34. Bxg5 {[%clk 01:19:04]} Qxg5 {[%clk
01:03:29]} 35. Bd1 {[%clk 01:19:04]} Bc6 {[%clk 01:03:29]} 36. Rxa8+ {[%clk
01:19:04]} Bxa8 {[%clk 01:03:29]} 37. Qa7 {[%clk 01:19:04]} Qd8 {[%clk
01:03:29]} 38. b5 {[%clk 01:19:04]} Kf8 {[%clk 01:03:29]} 39. Nc2 {[%clk
01:19:04]} Ke8 {[%clk 01:03:29]} 40. Nb4 {[%clk 01:19:04]} Nd7 {[%clk
01:03:29]} 41. Na6 {[%clk 01:19:04]} 1-0